Transport Processes in Space Physics and Astrophysics /

Contiene: 1) Introducción; 2) Antecedentes estadísticos; 3) La ecuación de transporte de Boltzmann; 4) Transporte de partículas cargadas en un plasma magnetizado por colisión; 5) Transporte de partículas cargadas en un plasma magnetizado sin colisiones; 6) El transporte de turbulencias de baja frecu...

وصف كامل

محفوظ في:
التفاصيل البيبلوغرافية
المؤلف الرئيسي: Zank, Gary P. (autor)
التنسيق: كتاب
اللغة:الإنجليزية
منشور في: Nueva York, EUA : Springer, 2014, c2014
سلاسل:(Lecture Notes in Physics ; 877)
الموضوعات:
الوصول للمادة أونلاين:Ver documento en línea
الوسوم: إضافة وسم
لا توجد وسوم, كن أول من يضع وسما على هذه التسجيلة!

MARC

LEADER 00000nam^a2200000^a^4500
001 000572187
005 20251023000000.0
009 20260310132303.521
020 |a 978-1-4614-8480-6 
037 |a Acervo ITESO - Biblioteca 
041 |a ING 
082 |a Libro en línea 
100 |a Zank, Gary P.  |e (autor) 
245 1 0 |a Transport Processes in Space Physics and Astrophysics /  |c G.P. Zank. 
264 4 |a Nueva York, EUA :  |b Springer,  |c 2014, c2014 
264 2 |a Cham, Suiza :  |b Springer Link [distribución],  |c 2014 
300 |a 1 libro electrónico en línea (XI, 286 p.) 
300 |a 1 recurso en línea 
336 |a datos para computadora  |b cod  |2 rdacontenido 
337 |a computadora  |b c  |2 rdamedio 
338 |a recurso en línea  |b cr  |2 rdasoporte 
440 1 |a (Lecture Notes in Physics ;  |v 877) 
506 0 |a Licencias ilimitadas 
520 |a Contiene: 1) Introducción; 2) Antecedentes estadísticos; 3) La ecuación de transporte de Boltzmann; 4) Transporte de partículas cargadas en un plasma magnetizado por colisión; 5) Transporte de partículas cargadas en un plasma magnetizado sin colisiones; 6) El transporte de turbulencias de baja frecuencia. 
649 |a XX 
650 |a Plasma Astrofísico 
650 |a Física del Plasma 
650 |a Transferencia de Energía 
650 |a Fenómenos de Transporte -  |x Tema Principal 
650 |a Partículas (Física Nuclear) 
650 |a Astrofísica 
650 |a Ciencias Espaciales 
650 |a Física 
856 4 0 |u https://link-springer-com.ezproxy.iteso.mx/10.1007/978-1-4614-8480-6  |y Ver documento en línea 
910 |a Fondo General 
920 |a Electrónicos - Libros en Línea 
930 |a Plataforma Digital 
905 |a 205 
901 |a 572187-1  |b IT2  |c EBO  |i C  |u 20250521 
902 |a https://opac.biblio.iteso.mx/vufind/Record/000572187